000 00492 a2200169 4500
001 002292
003 OSt
005 20220112165411.0
008
082 _a003.54
_bB85I
100 1 _aBuchmann, Johannes
245 1 _aIntroduction to cryptography
_cby Johannes Buchmann
260 _aNew York
_bSpringer
_c2009
300 _a335p.
653 _aCoding theory; Cryptography; Mathematics; Number theory; Data structures (Computer science)
942 _2ddc
_cBK
999 _c64
_d64